000 00996nam a22002897a 4500
003 CHAP
005 20220329140650.0
008 971013s1987 r 00010 d
010 _a55666
011 _a56638
035 _a60791
040 _cCHAP
090 _aFolleto 11625
110 _aServicio Internacional para la Investigación Agrícola Nacional
_9105308
245 _aTrabajando para el fortalecimiento de los sistemas nacionales de investigación agrícola
_b: el ISNAR y su estrategía
260 _aLa Haya :
_bISNAR,
_c1987
300 _a44 p.
590 _aBATCH-UPD
_b10
_c20130110
_lUCH01
_h2014
590 _aBATCH-UPD
_b10
_c20130410
_lUCH01
_h1333
590 _aBATCH-UPD
_b10
_c20130914
_lUCH01
_h2134
590 _aCONVERSION
_b10
_c20130109
_lUCH01
_h1330
650 1 4 _aAgricultura
_xInnovaciones tecnológicas.
_91565
650 1 4 _aAgricultura
_xInvestigacion
_xHolanda.
_91629
901 _aBK
942 _cFOLL
949 _aFolleto 11625
_bBC
_cFOLL
_d-130814
_eTS1
_i60791
_si
999 _c55666
_d55666